| 000 | 00627nam a22002177a 4500 | ||
|---|---|---|---|
| 005 | 20170124110112.0 | ||
| 010 | _aA-231778 | ||
| 020 |
_c00.00 _a036103444X9 |
||
| 035 | _aA-231778 | ||
| 037 | _bCen Lib/Ret | ||
| 040 |
_aDPL _bEN |
||
| 082 |
_aN _bCOO |
||
| 100 |
_aCoolidge, Susan _9104437 |
||
| 245 |
_aWhat Katy did next / _cby Susan Coolidge; illustrated by Jenny Thorne |
||
| 260 |
_bPurnell Publishers _c1982 _aBristol |
||
| 300 |
_a183p. : _c19cm(Hb) _bill. |
||
| 650 |
_aChildren's audiobooks _9104438 |
||
| 650 |
_aFamily life -- Fiction _9104439 |
||
| 700 |
_aThorne, Jenny _9104440 |
||
| 942 |
_2ddc _cEN _hN _mCOO |
||
| 999 |
_c130480 _d130480 |
||